| 000 | 00560nam a22002057a 4500 | ||
|---|---|---|---|
| 003 | OSt | ||
| 005 | 20140310181803.0 | ||
| 008 | 130704t xxu||||| |||| 00| 0 eng d | ||
| 020 | _a0877797102 | ||
| 050 |
_aPE 1628 _b.M568 1993 |
||
| 082 |
_aREF 423 _bM55 1993 |
||
| 245 | _aMerriam webster's Collegiate Dictionary. | ||
| 250 | _a10th | ||
| 260 |
_aSpringfield, Massachusettes, U.S.A _bmerriam-Webster, Inc, _cc1993. |
||
| 300 |
_a1557p. ; _c25cm. |
||
| 521 | _aBasic Ed. Students | ||
| 541 | _j1 | ||
| 562 | _e1 | ||
| 942 |
_2lcc _cBK-GR _kREF |
||
| 999 |
_c3701 _d3701 |
||